[Event "Hamburg-ch MB"]
[Site "Hamburg"]
[Date "2019.06.14"]
[Round "7"]
[White "Von Elsner, Mathias"]
[Black "Cassens, Erhard Otto"]
[Result "1/2-1/2"]
[WhiteElo "1816"]
[BlackElo "1852"]
[PlyCount "39"]
[EventDate "2019.06.08"]
[EventType "swiss"]
[EventRounds "9"]
[EventCountry "GER"]
[SourceTitle "EXT 2022"]
[Source "ChessBase"]
[SourceDate "2021.10.06"]
[SourceVersion "1"]
[SourceVersionDate "2021.10.06"]
[SourceQuality "1"]

1. c4 f5 2. g3 e6 3. Bg2 c6 4. Nf3 Nf6 5. 0-0 d5 6. d3 Bd6 7. Nc3 0-0 8. e4 Bb4 9. cxd5 fxe4 10. Ng5 exd5 11. dxe4 Bxc3 12. bxc3 dxe4 13. Qb3+ Qd5 14. c4 Qd3 15. Nxe4 Qxb3 16. axb3 Nxe4 17. Bxe4 Bf5 18. Bg2 Nd7 19. Be3 a6 20. Rfe1 1/2-1/2

[Event "Hamburg-ch MB"]
[Site "Hamburg"]
[Date "2019.06.13"]
[Round "6"]
[White "Sharma, Rishi"]
[Black "Von Elsner, Mathias"]
[Result "1/2-1/2"]
[WhiteElo "1751"]
[BlackElo "1816"]
[PlyCount "104"]
[EventDate "2019.06.08"]
[EventType "swiss"]
[EventRounds "9"]
[EventCountry "GER"]
[SourceTitle "EXT 2022"]
[Source "ChessBase"]
[SourceDate "2021.10.06"]
[SourceVersion "1"]
[SourceVersionDate "2021.10.06"]
[SourceQuality "1"]

1. Nf3 d5 2. c4 c6 3. e3 Bg4 4. Qb3 Qb6 5. cxd5 Qxb3 6. axb3 Bxf3 7. gxf3 cxd5 8. Nc3 e6 9. Nb5 Kd7 10. Rxa7 Rxa7 11. Nxa7 Bc5 12. Nb5 Na6 13. d4 Bb4+ 14. Bd2 Nf6 15. Bd3 Rc8 16. Ke2 Bxd2 17. Kxd2 Nb4 18. Bb1 g6 19. Rc1 Rxc1 20. Kxc1 h5 21. Kd2 Nh7 22. Kc3 Nc6 23. f4 Nf6 24. f3 Ne7 25. Bd3 Nf5 26. Kd2 Nd6 27. Nxd6 Kxd6 28. h3 h4 29. e4 Nh5 30. f5 g5 31. e5+ Kc6 32. f6 Nf4 33. Bf1 Nh5 34. Bd3 Nf4 35. Bh7 Kd7 36. Ke3 Nxh3 37. b4 Nf4 38. Kf2 Ke8 39. Bc2 Kf8 40. b5 b6 41. Bb1 Kg8 42. Bc2 h3 43. Kg3 Ne2+ 44. Kxh3 Nxd4 45. Bd1 Kh7 46. Kg4 Kh6 47. f4 gxf4 48. Kxf4 Nxb5 49. Ke3 Nc7 50. Be2 Kg6 51. Kd4 Kh6 52. b4 Kg5 1/2-1/2

[Event "Hamburg-ch MB"]
[Site "Hamburg"]
[Date "2018.05.24"]
[Round "6"]
[White "Von Elsner, Mathias"]
[Black "Schmuck, Martin"]
[Result "0-1"]
[WhiteElo "1802"]
[BlackElo "1881"]
[PlyCount "88"]
[EventDate "2018.05.19"]
[EventType "swiss"]
[EventRounds "9"]
[EventCountry "GER"]
[SourceTitle "EXT 2020"]
[Source "ChessBase"]
[SourceDate "2019.10.17"]
[SourceVersion "1"]
[SourceVersionDate "2019.10.17"]
[SourceQuality "1"]

1. c4 c5 2. g3 d6 3. Bg2 Nf6 4. e3 Bg4 5. Qb3 Nbd7 6. h3 Be6 7. Nc3 Ne5 8. Nd5 Bxd5 9. cxd5 Qd7 10. Nf3 Nxf3+ 11. Bxf3 g6 12. 0-0 Bg7 13. Kg2 0-0 14. d3 b5 15. Bd2 a5 16. Rab1 Rfc8 17. a3 a4 18. Qc2 b4 19. Qc4 b3 20. Bc3 Ra7 21. Rfe1 Ne8 22. Bg4 f5 23. Bxg7 fxg4 24. Bc3 gxh3+ 25. Kh2 Qf5 26. Qf4 Qxd5 27. e4 Qf7 28. Qe3 e5 29. f4 Nf6 30. Kxh3 Qe6+ 31. f5 gxf5 32. Qg5+ Rg7 33. Qxf5 Qxf5+ 34. exf5 Ng4 35. Re2 Rf8 36. Rf1 h5 37. Kh4 Kf7 38. Bd2 Kf6 39. Bc1 d5 40. Bd2 Rc8 41. Bc3 d4 42. Bd2 c4 43. dxc4 Rxc4 44. Kxh5 Rc8 0-1

[Event "Hamburg-ch MB"]
[Site "Hamburg"]
[Date "2018.05.19"]
[Round "1"]
[White "Ristic, Sreten"]
[Black "Von Elsner, Mathias"]
[Result "0-1"]
[WhiteElo "1881"]
[BlackElo "1802"]
[PlyCount "116"]
[EventDate "2018.05.19"]
[EventType "swiss"]
[EventRounds "9"]
[EventCountry "GER"]
[SourceTitle "EXT 2020"]
[Source "ChessBase"]
[SourceDate "2019.10.17"]
[SourceVersion "1"]
[SourceVersionDate "2019.10.17"]
[SourceQuality "1"]

1. e4 c6 2. Nc3 d5 3. d3 dxe4 4. Nxe4 Nf6 5. Qe2 Nxe4 6. Qxe4 Nd7 7. Nf3 Nf6 8. Qe5 Bg4 9. Be2 Qd5 10. Qc7 Qd7 11. Qg3 Bxf3 12. Bxf3 e6 13. 0-0 0-0-0 14. Bd2 Bd6 15. Qxg7 Be5 16. Bc3 Rdg8 17. Qh6 Ng4 18. Bxg4 Bxc3 19. Bxe6 fxe6 20. bxc3 Rg6 21. Qh3 Rhg8 22. g3 Kb8 23. a4 Qg7 24. d4 e5 25. Qf5 Rg5 26. Qd3 exd4 27. Qxd4 Qc7 28. Kg2 h5 29. Rfe1 Rd5 30. Qe4 Qf7 31. a5 a6 32. Rab1 h4 33. Qxh4 Rd2 34. Rf1 Rf8 35. g4 Qf3+ 36. Kg1 Ka8 37. Qg3 Qe4 38. h3 Qxc2 39. Rb4 Rd3 40. Qc7 Rb8 41. Kg2 Rxc3 42. Rfb1 Qd3 43. Qxb8+ Kxb8 44. Rxb7+ Kc8 45. Rb8+ Kd7 46. R1b7+ Ke6 47. Re8+ Kf6 48. Rf8+ Ke6 49. Re8+ Kf6 50. Rf8+ Ke6 51. f3 Rc2+ 52. Kg3 Qd6+ 53. f4 Qxf8 54. f5+ Kf6 55. Rb3 Qc5 56. Kh4 Rc3 57. Rb2 Qe7 58. g5+ Kxf5 0-1

[Event "Hamburg-ch MB"]
[Site "Hamburg"]
[Date "2017.06.11"]
[Round "9"]
[White "Von Elsner, Mathias"]
[Black "Becker Bertau, Friedrich"]
[Result "0-1"]
[WhiteElo "1800"]
[BlackElo "1861"]
[PlyCount "122"]
[EventDate "2017.06.03"]
[EventType "swiss"]
[EventRounds "9"]
[EventCountry "GER"]
[SourceTitle "CBM 179 Extra"]
[Source "ChessBase"]
[SourceDate "2017.08.23"]
[SourceVersion "1"]
[SourceVersionDate "2017.08.23"]
[SourceQuality "1"]

1. c4 c5 2. g3 Nc6 3. Bg2 e5 4. Nc3 f5 5. e3 Nf6 6. Nge2 d6 7. 0-0 Be7 8. d4 0-0 9. a3 e4 10. Nf4 Qe8 11. Ncd5 Nxd5 12. Nxd5 Bd8 13. b4 Be6 14. bxc5 dxc5 15. Bb2 Qf7 16. dxc5 Na5 17. Rc1 Rc8 18. f3 Nxc4 19. Rxc4 Bxd5 20. Rd4 exf3 21. Bxf3 Bxf3 22. Rxf3 Be7 23. Rd7 Rfd8 24. Kg2 Qe6 25. Rxd8+ Rxd8 26. Qc2 Rd5 27. Bd4 g5 28. Qb3 Bxc5 29. Qxb7 Bxd4 30. exd4 Qe2+ 31. Rf2 Qe4+ 32. Kh3 g4+ 33. Kh4 Qe6 34. Qb8+ Kf7 35. Qf4 Qf6+ 36. Qg5 h6 37. Qxf6+ Kxf6 38. Rd2 Ke6 39. h3 gxh3 40. Kxh3 Ra5 41. Re2+ Kd6 42. Re3 Rd5 43. Rf3 Kc6 44. Rd3 Kb5 45. Rb3+ Ka4 46. Rd3 a5 47. Kh4 Kb5 48. g4 f4 49. Rb3+ Kc4 50. Rb6 Kxd4 51. Rxh6 Ke3 52. Re6+ Kf2 53. g5 Rd3 54. Rf6 f3 55. g6 Rd1 56. Kg4 Rg1+ 57. Kf4 Rg3 58. Ke4 Rg4+ 59. Kd3 Kg2 60. Ke3 Rg3 61. g7 Rxg7 0-1

[Event "Hamburg-ch MB"]
[Site "Hamburg"]
[Date "2017.06.10"]
[Round "8"]
[White "Tesch, David"]
[Black "Von Elsner, Mathias"]
[Result "1/2-1/2"]
[WhiteElo "1857"]
[BlackElo "1800"]
[PlyCount "45"]
[EventDate "2017.06.03"]
[EventType "swiss"]
[EventRounds "9"]
[EventCountry "GER"]
[SourceTitle "CBM 179 Extra"]
[Source "ChessBase"]
[SourceDate "2017.08.23"]
[SourceVersion "1"]
[SourceVersionDate "2017.08.23"]
[SourceQuality "1"]

1. c4 c6 2. g3 d5 3. Bg2 Nf6 4. Nf3 g6 5. b3 Bg7 6. Bb2 0-0 7. 0-0 Bf5 8. d3 Qc8 9. Nbd2 Bh3 10. cxd5 Bxg2 11. Kxg2 cxd5 12. Rc1 Qd8 13. e4 Nc6 14. Qe2 dxe4 15. dxe4 Qa5 16. Bc3 Qh5 17. Rfd1 Rfd8 18. h3 Nd7 19. Bxg7 Kxg7 20. g4 Qa5 21. Nc4 Qc7 22. Ne3 e6 23. Nc4 1/2-1/2

[Event "Hamburg-ch cand"]
[Site "Hamburg"]
[Date "2016.05.22"]
[Round "9"]
[White "Ertelt, Alf"]
[Black "Von Elsner, Mathias"]
[Result "1-0"]
[WhiteElo "1781"]
[BlackElo "1869"]
[PlyCount "81"]
[EventDate "2016.05.14"]
[EventType "swiss"]
[EventRounds "9"]
[EventCountry "GER"]
[SourceTitle "EXT 2018"]
[Source "ChessBase"]
[SourceDate "2017.10.13"]
[SourceVersion "1"]
[SourceVersionDate "2017.10.13"]
[SourceQuality "1"]

1. d4 d5 2. Bf4 c6 3. e3 Qb6 4. Qc1 Bf5 5. Bd3 Bxd3 6. cxd3 Nf6 7. Nf3 Nh5 8. Bg3 Nxg3 9. hxg3 Nd7 10. Nc3 f6 11. 0-0 e6 12. a3 Be7 13. b4 0-0 14. e4 Rfc8 15. Qe3 dxe4 16. dxe4 e5 17. Na4 Qb5 18. Qb3+ Kf8 19. Rfd1 Rd8 20. Nc3 Qb6 21. Qe6 c5 22. Qxb6 axb6 23. dxc5 bxc5 24. b5 Nb6 25. Nd5 Nxd5 26. exd5 Ra5 27. a4 Bd6 28. Nd2 Ke7 29. Nc4 Raa8 30. a5 Bc7 31. b6 Bd6 32. Kf1 f5 33. Ra3 Rf8 34. a6 bxa6 35. Rda1 Rfd8 36. Na5 Re8 37. Nc6+ Kd7 38. b7 Rab8 39. Nxb8+ Rxb8 40. Rb1 Kc7 41. Rxa6 1-0

[Event "Hamburg-ch cand"]
[Site "Hamburg"]
[Date "2016.05.16"]
[Round "3"]
[White "Keyser, Philipp"]
[Black "Von Elsner, Mathias"]
[Result "1-0"]
[WhiteElo "1691"]
[BlackElo "1869"]
[PlyCount "71"]
[EventDate "2016.05.14"]
[EventType "swiss"]
[EventRounds "9"]
[EventCountry "GER"]
[SourceTitle "EXT 2018"]
[Source "ChessBase"]
[SourceDate "2017.10.13"]
[SourceVersion "1"]
[SourceVersionDate "2017.10.13"]
[SourceQuality "1"]

1. e4 c5 2. Nf3 Nc6 3. d4 cxd4 4. Nxd4 e6 5. Nc3 Qc7 6. Be3 a6 7. Be2 Nf6 8. 0-0 Bb4 9. f3 b5 10. a4 e5 11. Nxc6 Bxc3 12. bxc3 dxc6 13. axb5 c5 14. bxa6 0-0 15. Qe1 Be6 16. Qf2 Rfc8 17. Rfb1 Ra7 18. Rb2 h6 19. Rab1 Qa5 20. Rb7 Raa8 21. Qe1 Qa4 22. Qc1 c4 23. Ra1 Qc6 24. Rb6 Qc7 25. Qb2 Rcb8 26. Rxb8+ Rxb8 27. Qa3 Nd7 28. a7 Ra8 29. Qa5 Qb7 30. Qb4 Qc6 31. Rb1 Kh7 32. Qb7 Qc8 33. Qxc8 Rxc8 34. Rb7 Kg6 35. Bxc4 Kf6 36. Bb5 1-0

[Event "Hamburg-ch MB"]
[Site "Hamburg"]
[Date "2014.06.15"]
[Round "9"]
[White "Von Elsner, Mathias"]
[Black "Opasiak, Dustin Tennessee"]
[Result "0-1"]
[WhiteElo "1795"]
[BlackElo "1836"]
[PlyCount "106"]
[EventDate "2014.06.07"]
[EventType "swiss"]
[EventRounds "9"]
[EventCountry "GER"]
[SourceTitle "CBM 161 Extra"]
[Source "ChessBase"]
[SourceDate "2014.08.29"]
[SourceVersion "1"]
[SourceVersionDate "2014.08.29"]
[SourceQuality "1"]

1. c4 Nf6 2. g3 d5 3. Bg2 c6 4. Na3 e5 5. Qc2 d4 6. Rb1 Bb4 7. Qa4 Qd6 8. Nc2 Bf5 9. a3 Bc5 10. b4 Bb6 11. c5 Bxc5 12. bxc5 Qxc5 13. d3 b5 14. Qb3 a5 15. Nf3 Nd5 16. Nxe5 Be6 17. Nxd4 Qxd4 18. Bb2 Qb6 19. Qc2 0-0 20. 0-0 c5 21. Rfc1 Rc8 22. Ba1 b4 23. d4 c4 24. Nxc4 Qa6 25. Qd3 Ra7 26. Ne5 Rac7 27. Rxc7 Rxc7 28. Qd2 Qc8 29. Be4 bxa3 30. h4 Nb4 31. Kh2 Bf5 32. Bxf5 Qxf5 33. Rc1 Qxf2+ 34. Kh3 Rxc1 35. Qxc1 Qf5+ 36. g4 Qc2 37. Qf4 Qb3+ 38. Nf3 N8c6 39. Qc7 h6 40. Qc8+ Kh7 41. Qf5+ g6 42. Qf4 Nc2 43. Bc3 a2 44. d5 Qxc3 45. h5 g5 46. Qxf7+ Qg7 47. Qf5+ Kh8 48. Qc8+ Kh7 49. Qf5+ Kg8 50. Qc8+ Qf8 51. Qe6+ Qf7 52. Qxh6 a1Q 53. Qxg5+ Qfg7 0-1

[Event "Hamburg-ch MB"]
[Site "Hamburg"]
[Date "2014.06.14"]
[Round "8"]
[White "Behrensen Senfft, Joern"]
[Black "Von Elsner, Mathias"]
[Result "0-1"]
[WhiteElo "1767"]
[BlackElo "1795"]
[PlyCount "58"]
[EventDate "2014.06.07"]
[EventType "swiss"]
[EventRounds "9"]
[EventCountry "GER"]
[SourceTitle "CBM 161 Extra"]
[Source "ChessBase"]
[SourceDate "2014.08.29"]
[SourceVersion "1"]
[SourceVersionDate "2014.08.29"]
[SourceQuality "1"]

1. d4 d5 2. e3 Nf6 3. Bd3 g6 4. b3 Bg7 5. Bb2 0-0 6. Nd2 b6 7. Ngf3 Nbd7 8. 0-0 c5 9. a4 Bb7 10. Re1 Ne4 11. c4 e6 12. Bxe4 dxe4 13. Ne5 Nxe5 14. dxe5 Qd3 15. Nf1 Rad8 16. Qxd3 Rxd3 17. Ra3 a5 18. Bc1 Bxe5 19. Re2 Rfd8 20. Rd2 Bc3 21. Rxd3 Rxd3 22. Ra2 Kf8 23. Bd2 Bf6 24. Ra3 Ke7 25. g3 Bb2 26. Ra2 Rxb3 27. Be1 Be5 28. Nd2 Rd3 29. Nb1 Rd1 0-1

[Event "Hamburg-ch MB"]
[Site "Hamburg"]
[Date "2014.06.11"]
[Round "5"]
[White "Von Elsner, Mathias"]
[Black "Ertelt, Alf"]
[Result "0-1"]
[WhiteElo "1795"]
[BlackElo "1742"]
[PlyCount "66"]
[EventDate "2014.06.07"]
[EventType "swiss"]
[EventRounds "9"]
[EventCountry "GER"]
[SourceTitle "CBM 161 Extra"]
[Source "ChessBase"]
[SourceDate "2014.08.29"]
[SourceVersion "1"]
[SourceVersionDate "2014.08.29"]
[SourceQuality "1"]

1. e4 e6 2. d4 d5 3. e5 c5 4. c3 Qb6 5. Nf3 Nc6 6. a3 Nh6 7. b4 cxd4 8. cxd4 Nf5 9. Bb2 Be7 10. Be2 0-0 11. 0-0 Bd7 12. Bd3 Rac8 13. Bxf5 exf5 14. Nc3 Be6 15. Qd3 a5 16. Na4 Qd8 17. b5 Na7 18. Nd2 Bd7 19. Nc3 Be6 20. Rac1 Qd7 21. a4 Bb4 22. Na2 Bxd2 23. Qxd2 Rc4 24. Rxc4 dxc4 25. Qxa5 Nc8 26. Bc3 f4 27. Rd1 f3 28. b6 Bd5 29. Kh1 Qg4 30. g3 Qh3 31. Rg1 Be4 32. Qc5 Bd3 33. Nb4 Bf1 0-1

[Event "Hamburg-ch MB"]
[Site "Hamburg"]
[Date "2014.06.09"]
[Round "3"]
[White "Von Elsner, Mathias"]
[Black "Amini, Mahmood"]
[Result "1/2-1/2"]
[WhiteElo "1795"]
[BlackElo "1764"]
[PlyCount "124"]
[EventDate "2014.06.07"]
[EventType "swiss"]
[EventRounds "9"]
[EventCountry "GER"]
[SourceTitle "CBM 161 Extra"]
[Source "ChessBase"]
[SourceDate "2014.08.29"]
[SourceVersion "1"]
[SourceVersionDate "2014.08.29"]
[SourceQuality "1"]

1. c4 e5 2. g3 d5 3. Bg2 Nf6 4. cxd5 Nxd5 5. Nf3 Bd6 6. 0-0 0-0 7. d3 c6 8. b3 Be6 9. Bb2 Nd7 10. Nbd2 f5 11. Nc4 Qc7 12. Nxd6 Qxd6 13. e4 Nb4 14. Ng5 Rf6 15. Nxe6 Rxe6 16. exf5 Rf6 17. d4 exd4 18. a3 Na6 19. Bxd4 Rxf5 20. Bb2 Qxd1 21. Raxd1 Rf7 22. Bh3 Ndc5 23. b4 Na4 24. Be5 Re7 25. f4 Nb6 26. Rd4 Nd5 27. Kf2 g5 28. Bg2 Nac7 29. Bxc7 Nxc7 30. fxg5 Ne6 31. Rg4 Rg7 32. h4 h6 33. Re4 Rf8+ 34. Kg1 Rxf1+ 35. Bxf1 Nf8 36. Bc4+ Kh7 37. Kh2 hxg5 38. Bd3 Kh6 39. hxg5+ Rxg5 40. Rh4+ Rh5 41. Rxh5+ Kxh5 42. Bf5 b6 43. Kg2 Kg5 44. g4 Ng6 45. Bxg6 Kxg6 46. Kf3 Kg5 47. Ke4 Kxg4 48. Ke5 c5 49. bxc5 bxc5 50. Kd5 c4 51. Kxc4 Kf5 52. Kd5 a6 53. a4 a5 54. Kd6 Ke4 55. Kc5 Ke5 56. Kc6 Kd4 57. Kd6 Kc4 58. Kc6 Kb4 59. Kd5 Kxa4 60. Kc4 Ka3 61. Kc3 a4 62. Kc2 Ka2 1/2-1/2

[Event "Hamburg-ch MB"]
[Site "Hamburg"]
[Date "2014.06.08"]
[Round "2"]
[White "Stuhlmann, Alexander"]
[Black "Von Elsner, Mathias"]
[Result "1/2-1/2"]
[WhiteElo "1839"]
[BlackElo "1795"]
[PlyCount "51"]
[EventDate "2014.06.07"]
[EventType "swiss"]
[EventRounds "9"]
[EventCountry "GER"]
[SourceTitle "CBM 161 Extra"]
[Source "ChessBase"]
[SourceDate "2014.08.29"]
[SourceVersion "1"]
[SourceVersionDate "2014.08.29"]
[SourceQuality "1"]

1. c4 c6 2. Nc3 Nf6 3. g3 d5 4. cxd5 Nxd5 5. Bg2 Nxc3 6. bxc3 e5 7. Nf3 Bd6 8. d4 Qe7 9. dxe5 Bxe5 10. Nxe5 Qxe5 11. Qd4 Nd7 12. Bf4 Qxd4 13. cxd4 0-0 14. e4 Nb6 15. 0-0 f5 16. e5 Be6 17. a4 Rac8 18. a5 Nd5 19. Rab1 Rf7 20. Rfc1 h6 21. h4 Kh7 22. Rb2 Rd7 23. Be3 Rf7 24. Bxd5 Bxd5 25. Rcb1 Rcc7 26. Kf1 1/2-1/2

[Event "Hamburg-ch MB"]
[Site "Hamburg"]
[Date "2014.06.07"]
[Round "1"]
[White "Von Elsner, Mathias"]
[Black "Becker Bertau, Friedrich"]
[Result "0-1"]
[WhiteElo "1795"]
[BlackElo "1911"]
[PlyCount "108"]
[EventDate "2014.06.07"]
[EventType "swiss"]
[EventRounds "9"]
[EventCountry "GER"]
[SourceTitle "CBM 161 Extra"]
[Source "ChessBase"]
[SourceDate "2014.08.29"]
[SourceVersion "1"]
[SourceVersionDate "2014.08.29"]
[SourceQuality "1"]

1. c4 Nf6 2. g3 c5 3. Bg2 Nc6 4. e3 e5 5. Nc3 d6 6. Nge2 Be7 7. 0-0 Bg4 8. a3 0-0 9. Rb1 Qd7 10. b4 Bh3 11. bxc5 Bxg2 12. Kxg2 dxc5 13. Qb3 b6 14. Qc2 Qe6 15. d3 Rad8 16. f4 e4 17. Nxe4 Nxe4 18. f5 Qh6 19. dxe4 Bg5 20. Nf4 Bxf4 21. Rxf4 Ne5 22. Bb2 Nd3 23. Rf3 Qc6 24. e5 Qe4 25. Qc3 Nxb2 26. Qxb2 Rd3 27. Re1 Qxc4 28. Kg1 Ra8 29. e6 fxe6 30. Qe5 Qd5 31. Qxe6+ Qxe6 32. fxe6 Re8 33. Ref1 h6 34. e4 Rxf3 35. Rxf3 Rxe6 36. Re3 Re5 37. h4 b5 38. Kf2 Kf7 39. Ke2 c4 40. Kd2 Ke6 41. Kc3 Kd6 42. Kb4 Kc6 43. a4 a6 44. Re2 Kb6 45. axb5 axb5 46. Re3 Kc6 47. Re2 Kd6 48. Re3 g5 49. hxg5 Rxg5 50. Rf3 Ke5 51. Rf4 Rxg3 52. Rh4 Rb3+ 53. Kc5 c3 54. Rxh6 c2 0-1

[Event "Hamburg-ch MB"]
[Site "Hamburg"]
[Date "2013.05.24"]
[Round "7"]
[White "Weidmann, Kevin"]
[Black "Von Elsner, Mathias"]
[Result "1-0"]
[WhiteElo "1740"]
[BlackElo "1788"]
[PlyCount "67"]
[EventDate "2013.05.18"]
[EventType "swiss"]
[EventRounds "9"]
[EventCountry "GER"]
[SourceTitle "EXT 2022"]
[Source "ChessBase"]
[SourceDate "2021.10.06"]
[SourceVersion "1"]
[SourceVersionDate "2021.10.06"]
[SourceQuality "1"]

1. e4 c5 2. Nf3 d6 3. d4 cxd4 4. Nxd4 Nf6 5. Nc3 g6 6. Be3 a6 7. f3 Nbd7 8. Qd2 b5 9. 0-0-0 Bb7 10. g4 Rc8 11. g5 Nh5 12. Nce2 Bg7 13. Ng3 Nxg3 14. hxg3 Ne5 15. Kb1 Qc7 16. c3 Nxf3 17. Qd3 Ne5 18. Qc2 Nc4 19. Bxc4 Qxc4 20. Rh4 Qc7 21. Rdh1 d5 22. Qf2 e5 23. Rxh7 Rxh7 24. Rxh7 Qe7 25. Rxg7 exd4 26. Bxd4 Qxe4+ 27. Kc1 Qf5 28. Qxf5 gxf5 29. g6 Rc7 30. Rg8+ Ke7 31. gxf7 Rc8 32. f8Q+ Rxf8 33. Bc5+ Kf7 34. Rxf8+ 1-0

[Event "Hamburg-chA"]
[Site "Hamburg"]
[Date "2010.05.26"]
[Round "6.8"]
[White "Hotze, Kurt"]
[Black "Von Elsner, Mathias"]
[Result "1-0"]
[WhiteElo "1585"]
[BlackElo "1610"]
[PlyCount "75"]
[EventDate "2010.05.22"]
[EventType "swiss"]
[EventRounds "9"]
[EventCountry "GER"]
[SourceTitle "EXT 2011"]
[Source "ChessBase"]
[SourceDate "2010.11.26"]
[SourceVersion "1"]
[SourceVersionDate "2010.11.26"]
[SourceQuality "1"]

1. e4 e6 2. d4 d5 3. Nd2 Nf6 4. e5 Nfd7 5. Ngf3 c5 6. c4 Qc7 7. cxd5 exd5 8. Qe2 Nb6 9. dxc5 Bxc5 10. Nb3 Bb4+ 11. Bd2 Bxd2+ 12. Qxd2 0-0 13. Rc1 Qe7 14. Bd3 h6 15. 0-0 Nc6 16. Rfe1 Be6 17. Nfd4 Nxd4 18. Nxd4 a6 19. Nf5 Bxf5 20. Bxf5 Rfe8 21. b3 Qd8 22. f4 g6 23. Bh3 Re7 24. Qd4 a5 25. e6 f5 26. g4 Rc8 27. Rxc8 Nxc8 28. gxf5 gxf5 29. Kh1 Rg7 30. Rg1 Rxg1+ 31. Qxg1+ Kf8 32. Qg6 Qe7 33. Qxf5+ Ke8 34. Qf7+ Qxf7 35. exf7+ Kxf7 36. Bxc8 Kf6 37. Bxb7 d4 38. Be4 1-0

[Event "Hamburg-chA"]
[Site "Hamburg"]
[Date "2010.05.26"]
[Round "5.8"]
[White "Zippert, Georg"]
[Black "Von Elsner, Mathias"]
[Result "0-1"]
[WhiteElo "1751"]
[BlackElo "1610"]
[PlyCount "118"]
[EventDate "2010.05.22"]
[EventType "swiss"]
[EventRounds "9"]
[EventCountry "GER"]
[SourceTitle "EXT 2011"]
[Source "ChessBase"]
[SourceDate "2010.11.26"]
[SourceVersion "1"]
[SourceVersionDate "2010.11.26"]
[SourceQuality "1"]

1. e4 e6 2. d4 d5 3. Nc3 Bb4 4. e5 Ne7 5. a3 Bxc3+ 6. bxc3 c5 7. Nf3 Nbc6 8. Bb5 Qa5 9. Bxc6+ bxc6 10. Bd2 cxd4 11. cxd4 Qc7 12. 0-0 0-0 13. c3 Ba6 14. Re1 Rab8 15. Qc2 Bc4 16. Rab1 c5 17. Ng5 g6 18. Nf3 cxd4 19. cxd4 Rfc8 20. g4 Rxb1 21. Rxb1 Be2 22. Qxc7 Rxc7 23. Kg2 Kg7 24. Bb4 Nc6 25. Rc1 Bxf3+ 26. Kg3 Be2 27. Bd6 Rc8 28. Rc5 Ba6 29. Kg2 Nxd4 30. Ra5 Rc6 31. Ra4 Nb5 32. Be7 Bc8 33. Bf6+ Kf8 34. h4 Ke8 35. g5 a6 36. h5 d4 37. hxg6 hxg6 38. Rb4 Nc7 39. Rxd4 Nd5 40. Rh4 Nxf6 41. gxf6 Rc7 42. Rh8+ Kd7 43. Kg3 Bb7 44. Kg4 Kc6 45. Kg5 Kd5 46. f4 Ke4 47. Kh6 Kxf4 48. Kg7 Rd7 49. Rf8 Kxe5 50. Rxf7 Rxf7+ 51. Kxf7 Bc6 52. Kxg6 Be8+ 53. f7 Bxf7+ 54. Kxf7 Kd5 55. Ke7 e5 56. Kd7 e4 57. Kc7 e3 58. Kb6 e2 59. Kxa6 e1Q 0-1